000 00677nam a2200265Ia 4500
005 20250425162202.0
008 250425s9999 xx 000 0 und d
020 _a9684444303
041 _aspa
043 _amx
082 _a658.3128
100 _aTHIAGARAJAN, SIVASAILAM
245 0 _aEQUIPOS DE TRABAJO: ACTIVIDADES Y JUEGOS DE INTEGRACION
250 _a1A ED.
260 _aMEXICO
260 _aMéxico
_bPEARSON EDUCACION
_c2000
300 _a147
650 _aEQUIPOS DE TRABAJO
650 _aINTEGRACION
650 _aRECREACION
700 _aJOSÈ FRANCISCO DAVILA MARTINEZ
_etraductor
700 _aPARKER, GLENN
942 _c01
010 _a54816
999 _c224069
_d224069